| Tag |
First Indicator |
Second Indicator |
Subfields |
| LEADER |
00000cam a2200000 i 4500 |
| 001 |
in00000071981 |
| 005 |
20160106094632.0 |
| 008 |
790103s1979 mdu b 00110 eng |
| 010 |
|
|
|a 78020522
|
| 020 |
|
|
|a 0801821681
|
| 035 |
|
|
|a (OCoLC)04570111
|
| 035 |
|
|
|9 AAK0335AM
|
| 040 |
|
|
|a DLC
|c DLC
|d TXA
|d UtOrBLW
|
| 043 |
|
|
|a e-cs---
|a e-ur---
|
| 049 |
|
|
|a TXAM
|c [1497022]
|
| 050 |
0 |
0 |
|a DK67.5.C9
|b V34
|
| 100 |
1 |
|
|a Valenta, Jiri,
|d 1945-
|
| 245 |
1 |
0 |
|a Soviet intervention in Czechoslovakia, 1968 :
|b anatomy of a decision /
|c Jiri Valenta.
|
| 264 |
|
1 |
|a Baltimore :
|b Johns Hopkins University Press,
|c [1979]
|
| 264 |
|
4 |
|c ©1979
|
| 300 |
|
|
|a xii, 208 pages ;
|c 24 cm.
|
| 336 |
|
|
|a text
|b txt
|2 rdacontent
|
| 337 |
|
|
|a unmediated
|b n
|2 rdamedia
|
| 338 |
|
|
|a volume
|b nc
|2 rdacarrier
|
| 500 |
|
|
|a Includes index.
|
| 504 |
|
|
|a Bibliography: pages 190-194.
|
| 651 |
|
0 |
|a Soviet Union
|x Foreign relations
|z Czechoslovakia.
|
| 651 |
|
0 |
|a Czechoslovakia
|x Foreign relations
|z Soviet Union.
|
| 651 |
|
0 |
|a Czechoslovakia
|x History
|y Intervention, 1968.
|
| 651 |
|
0 |
|a Soviet Union
|x Foreign relations administration.
|
| 999 |
|
|
|a MARS
|
| 999 |
f |
f |
|s 2efbc36c-dd39-3c9b-a241-17b0fc95e6cf
|i 3cfc47ee-04f6-3516-a395-1b401eceadc3
|t 0
|
| 952 |
f |
f |
|p ric
|a Texas A&M University
|b Rellis Campus
|c Joint Library Facility
|d Remote Storage
|t 0
|e DK67.5.C9 V34
|h Library of Congress classification
|i unmediated -- volume
|m A14801999487
|
| 998 |
f |
f |
|a DK67.5.C9 V34
|t 0
|l Remote Storage
|